01096nam a22001697a 4500008004100000020001800041050002000059100003800079245013900117250002600256260003800282300004300320500001100363505048300374650003000857700003900887170613b2014 mx ||||| |||| 00| 0 spa d a978607151197304aRM216bP47 20141 aPérez Lizaur, Ana Berthadautor10aDietas normales y Terapéuticasb: los alimentos en la salud y la enfermedadc/ Ana Bertha Pérez Lizaur y Margarita García Campos a6a edición revisada aMéxicob : McGraw Hillc , 2014 a263 páginasb: ilustraciones, tablas aAnexos aDesarrollo del plan alimentario Sistema mexicano de alimentos equivalentes Plan de alimentación modificado en consistencia Plan de alimentación modificado en el contenido de nutrimentos Evaluación del estado de nutrición Alimentación en las diferentes etapas de la vida Alimentación del deportista Alimentación de los pacientes con sobrepeso y obesidad Alimentación de los pacientes con cáncer Alimentación enteral Reducir el trecho entre el dicho y el hecho14aDIETOTERAPIAxNUTRICIÓN12aGarcía Campos, Margaritaeautora